Which country has a bigger economy? - Statistics

General Stats
  • This quiz has been taken 151 times
  • The average score is 6 of 10
Answer Stats
Question Answer % Correct
Which country has a bigger economy? France
94%
Which country has a bigger economy? United States
84%
Which country has a bigger economy? DR Congo
82%
Which country has a bigger economy? Belgium
81%
Which country has a bigger economy? The Netherlands
69%
Which country has a bigger economy? Germany
60%
Which country has a bigger economy? Switzerland
56%
Which country has a bigger economy? Suriname
45%
Which country has a bigger economy? Malawi
18%
Which country has a bigger economy? Guatemala
7%
No matching quizzes found
Score Distribution
Percent of People with Each Score
Percentile by Number Answered
Your Score History
You have not taken this quiz